| 000 | 00770nam a22002175a 4500 | ||
|---|---|---|---|
| 005 | 20090829111449.0 | ||
| 008 | 090121s2009 ii 010 0 eng d | ||
| 010 | _aENG-94967 | ||
| 020 | _c80.00 | ||
| 035 | _aEN-78500 | ||
| 037 | _aDBAD / PUB | ||
| 040 |
_adpl _bEnglish |
||
| 082 | _a808.883 | ||
| 100 | _aMahakul, Pintu | ||
| 245 |
_aThe friend: _cby Pintu Mahakul _b(stories and proses) / |
||
| 260 |
_aOrissa _bPrabhat Publication _c2008 |
||
| 270 |
_aOld Bus-stand Berhampur _bOrissa _e760001 |
||
| 300 |
_a96p. _c22cm(pbk) |
||
| 942 |
_2ddc _cEN _mMAH _h808.883 |
||
| 999 |
_c29776 _d29776 |
||